01235nab a22002057a 4500003000400000005001700004008004100021040000700062100002500069245012100094300001300215500003600228505038600264505011900650650002300769650003100792650002800823650002900851773014900880OSt20260120232613.0190514b xxu||||| |||| 00| 0 spa d cPJ aFerrero, Cecilia M. 10aCompensación económica. Prueba del desequilibrio. Análisis con perspectiva de género /cCecilia M. Ferrero.  ap. 64-77 aCita: TR LALEY AR/DOC/249/2024. aSumario: I. Reseña del fallo. Hechos de la demanda.— II. Introducción.— III. La intervención judicial en los procesos de familia. Valoración de los antecedentes con perspectiva de género.— IV. Cuantificación de la compensación económica.— V. Tratamiento del reclamo referido a la atribución de la vivienda y división de condominio.— VI. Conclusión.  tFallo comentado: Juz. Familia N.° 1, Tigre ~ 14/09/2023 ~ W. G. c. K. D. s/ acción compensación económica. 0aDERECHO DE FAMILIA 0aCOMPENSACIÓN ECONÓMICA 0aPERSPECTIVA DE GÉNERO 0aJURISPRUDENCIA APLICABLE0 02844dBuenos Aires : AbeledoPerrot, 1989-tDerecho de familia. Revista Interdisciplinaria de doctrina y jurisprudencia. Abril 2024-II.z18511201